000 00574nam a2200229Ia 4500
003 OSt
005 20220918202414.0
006 a|||||r|||| 00| 0
007 ta
008 220917b |||||||| |||| 00| 0 eng d
024 _a101,006
037 _cTextual
040 _aARTS
_cARTS
_beng
041 _2eng
_aeng
082 _aV233:71, J7;K5.2
100 _aSastri K N
_9103591
245 0 _aNew light on the Indus civilization
260 _c1965
650 _aHISTORY
942 _hV233:71, J7;K5.2
_cTEXL
_2CC
999 _c224522
_d224522